Kawanishi, Ōhara, Itō, Katakura kontserun-dokuhon /
Saved in:
| Main Author: | |
|---|---|
| Other Authors: | |
| Format: | Book |
| Language: | Japanese |
| Published: |
Tōkyō :
Shunjūsha : Hatsubaijo Shōhakukan,
Shōwa 13 [1938]
|
| Series: | Nihon kontserun zensho ;
17. |
| Subjects: | |
| Tags: |
Add Tag
No Tags, Be the first to tag this record!
|
| LEADER | 01283nam a2200325 a 4500 | ||
|---|---|---|---|
| 001 | 007785231-1 | ||
| 005 | 20024617115958.0 | ||
| 008 | 870528s1938 ja 000 0 jpn | ||
| 010 | |a 87137442 /AJ | ||
| 035 | 0 | |a ocm18878024 | |
| 040 | |a DLC |c DLC |d *YNH* |d CStRLIN | ||
| 043 | |a a-ja--- | ||
| 050 | 0 | |a HD2907 |b .K559 1938 | |
| 100 | 1 | |6 880-01 |a Kimura, Shigeru, |d 1932- | |
| 245 | 1 | 0 | |6 880-02 |a Kawanishi, Ōhara, Itō, Katakura kontserun-dokuhon / |c Kimura Shigeru, Miyake Seiki kyōcho. |
| 260 | |6 880-03 |a Tōkyō : |b Shunjūsha : |b Hatsubaijo Shōhakukan, |c Shōwa 13 [1938] | ||
| 300 | |a 2, 6, 287 p. ; |c 23 cm. | ||
| 490 | 1 | |6 880-04 |a Nihon kontserun zensho ; |v 17 | |
| 650 | 0 | |a Trusts, Industrial |z Japan. | |
| 650 | 0 | |a Big business |z Japan. | |
| 700 | 1 | |6 880-05 |a Miyake, Seiki, |d 1896-1966. | |
| 880 | 1 | |6 100-01 |a 木村繁, |d 1932- | |
| 880 | 1 | 0 | |6 245-02 |a 川西・大原・伊藤・片倉コンツェルン讀本 / |c 木村繁, 三宅晴輝共著. |
| 880 | |6 260-03 |a 東京 : |b 春秋社 : |b 發賣所松柏館, |c 昭和 13 [1938] | ||
| 880 | 1 | |6 490-04 |a 日本コンツェルン全書 ; |v 17 | |
| 880 | 1 | |6 700-05 |a 三宅晴輝, |d 1896-1966. | |
| 830 | 0 | |6 880-54 |a Nihon kontserun zensho ; |v 17. | |
| 880 | 0 | |6 830-54 |a 日本コンツェルン全書 ; |v 17. | |
| 988 | |a 20021214 | ||
| 906 | |0 DLC | ||


